[Event "ROM-ch U08"]
[Site "Calimanesti"]
[Date "2014.04.08"]
[Round "3"]
[White "Musat, Tudor Mihai"]
[Black "Grama, Darius Andrei"]
[Result "1-0"]
[WhiteElo "1001"]
[BlackElo "1001"]
[PlyCount "79"]
[EventDate "2014.04.06"]
[EventType "swiss"]
[EventRounds "9"]
[EventCountry "ROU"]
[SourceTitle "CBM 160 Extra"]
[Source "ChessBase"]
[SourceDate "2014.07.01"]
[SourceVersion "1"]
[SourceVersionDate "2014.07.01"]
[SourceQuality "1"]

1. e4 e5 2. Nf3 Nc6 3. Bb5 a6 4. Bxc6 bxc6 5. Nxe5 f6 6. Ng4 h5 7. Ne3 Bc5 8. d4 Bb4+ 9. Nc3 Bxc3+ 10. bxc3 d5 11. exd5 cxd5 12. 0-0 Qd6 13. Re1 f5 14. Nxf5+ Qe7 15. Nxe7 Bg4 16. Nxg8+ Kf7 17. Re7+ Kf8 18. h3 Bxd1 19. Re1 Bxc2 20. Ne7 Re8 21. Ng6+ Kg8 22. Rxe8+ Kh7 23. Nxh8 g6 24. Re7+ Kxh8 25. Re2 c6 26. Rxc2 a5 27. Re2 g5 28. Re8+ Kh7 29. Re6 Kg8 30. Bxg5 Kh7 31. Rae1 Kg8 32. Re8+ Kh7 33. R1e7+ Kg6 34. Re5 Kg7 35. R8e6 Kh7 36. Rh6+ Kg8 37. Re8+ Kg7 38. Rxc6 Kh7 39. Re7+ Kh8 40. Rc8# 1-0